[Event "Druzynowe Mistrzostwa Polski Ekstraliga"]
[Site "Gorzow Wlkp. - Wroclaw - Katowice"]
[Date "1899-12-30"]
[Round "5.16"]
[White "Sabuk, Piotr"]
[Black "Moranda, Wojciech"]
[Result "1/2-1/2"]
[WhiteTitle "IM"]
[BlackTitle "GM"]
[WhiteElo "2368"]
[BlackElo "2595"]

1. d4 d5 2. c4 dxc4 3. e3 Nf6 4. Bxc4 e6 5. Nf3 a6 6. O-O b5 7. Bd3 c5 8. a4 b4
9. Nbd2 Bb7 10. e4 cxd4 11. e5 Nd5 12. Nc4 Nc6 13. Ng5 Qc7 14. Qh5 g6 15. Qf3
h6 16. Nd6+ Bxd6 17. exd6 Qd7 18. Re1 hxg5 19. Qxd5 O-O-O 20. Qxg5 Rh5 21. Qg4
e5 22. h3 Qxg4 23. hxg4 Rhh8 24. f4 Rhe8 25. Bd2 Rxd6 26. fxe5 Rxe5 27. Bf4 Rxe1+
28. Rxe1 Rf6 29. Bg3 Kd7 30. Bc4 g5 31. Re4 Kd8 32. Bd5 a5 33. Bc4 Bc8 34. Bf2
Rf4 35. Bd5 Rxe4 36. Bxe4 Kc7 37. Bxc6 Kxc6 38. Bxd4 Bxg4 39. Bf6 Kb6 40. Bxg5
Bd1 41. Bd8+ Ka6 42. Kf2 Bxa4 43. Ke3 Bc6 44. g4 Kb5 45. Kd3 a4 46. Be7 Bd7 47.
g5 Bf5+ 48. Kd4 Bg6 49. Bf8 Bh7 50. Be7 Bg6 51. Bf8 Bh7 52. Be7 Bg6 1/2-1/2

[Event "Druzynowe Mistrzostwa Polski Ekstraliga"]
[Site "Gorzow Wlkp. - Wroclaw - Katowice"]
[Date "1899-12-30"]
[Round "5.17"]
[White "Wieczorek, Oskar"]
[Black "Dubinski, Mateusz"]
[Result "1-0"]
[WhiteTitle "IM"]
[BlackTitle "CM"]
[WhiteElo "2458"]
[BlackElo "2275"]

1. e4 e5 2. Nf3 Nc6 3. Bc4 Nf6 4. d3 Be7 5. O-O O-O 6. Re1 d6 7. a3 Bg4 8. h3 Bh5
9. Nbd2 d5 10. exd5 Nxd5 11. g4 Bg6 12. Nxe5 Nxe5 13. Rxe5 Nb6 14. Ba2 Kh8 15.
Nf3 f5 16. Qe2 Bf6 17. Re6 Bf7 18. gxf5 Bxe6 19. fxe6 Qd6 20. Qe4 Rae8 21. d4
c6 22. Bf4 Qe7 23. Re1 Nc8 24. Bg3 g6 25. Ne5 Nd6 26. Qg4 Nf5 27. Bh2 Rd8 28.
c3 Kg7 29. Re2 Nh4 30. Nf7 h5 31. Qe4 Rxf7 32. exf7 Qxe4 33. Rxe4 c5 34. Re8 1-0

[Event "Druzynowe Mistrzostwa Polski Ekstraliga"]
[Site "Gorzow Wlkp. - Wroclaw - Katowice"]
[Date "1899-12-30"]
[Round "5.18"]
[White "Krupa, Monika"]
[Black "Zawadzka, Jolanta"]
[Result "0-1"]
[WhiteTitle "WGM"]
[BlackTitle "WGM"]
[WhiteElo "2230"]
[BlackElo "2419"]

1. e4 c5 2. Nf3 e6 3. Nc3 a6 4. g3 b5 5. Bg2 Bb7 6. d4 cxd4 7. Nxd4 b4 8. Nce2
Nf6 9. Bg5 Be7 10. O-O Nxe4 11. Bxe7 Qxe7 12. a3 O-O 13. axb4 Qxb4 14. Nc3 f5
15. Nxe4 fxe4 16. b3 e5 17. Ne2 d5 18. Ra4 Qc5 19. c4 d4 20. Qb1 Qc6 21. Ra5 Nd7
22. Rd5 Rae8 23. b4 Nf6 24. Rc5 Qd7 25. h3 Re7 26. g4 h5 27. gxh5 Nxh5 28. Bxe4
Bxe4 29. Qxe4 Nf6 30. Qh4 Qf5 31. Qg3 Ne4 32. Qh4 Re6 33. Nxd4 Qg6+ 34. Qg4 exd4
0-1

[Event "Druzynowe Mistrzostwa Polski Ekstraliga"]
[Site "Gorzow Wlkp. - Wroclaw - Katowice"]
[Date "1899-12-30"]
[Round "5.19"]
[White "Jakubowski, Krzysztof"]
[Black "Wojtaszek, Radoslaw"]
[Result "0-1"]
[WhiteTitle "GM"]
[BlackTitle "GM"]
[WhiteElo "2530"]
[BlackElo "2734"]

1. e4 e5 2. Nf3 Nc6 3. Bb5 a6 4. Ba4 Nf6 5. O-O Be7 6. Re1 b5 7. Bb3 O-O 8. h3
Bb7 9. d3 d5 10. exd5 Nxd5 11. Nxe5 Nd4 12. Nd2 c5 13. Ndf3 Nxb3 14. axb3 f6 15.
Ng4 Qd7 16. Bd2 Rae8 17. Re2 Bd6 18. Qf1 Rxe2 19. Qxe2 Re8 20. Qf1 Nb4 21. Bxb4
cxb4 22. c4 Bxf3 23. gxf3 Bc5 24. Rxa6 h5 25. Nh2 bxc4 26. bxc4 Qd4 27. Ra5 Re5
28. b3 Qf4 29. Kh1 Qd2 30. Ra1 Bxf2 31. Rd1 Qc2 32. Rc1 Qb2 33. Rb1 Qd4 34. f4
Qxf4 35. Qg2 Rg5 36. Qa8+ Kh7 37. Qe4+ Qxe4+ 38. dxe4 Bc5 39. Rf1 Rg3 40. Nf3
g5 41. e5 Rxh3+ 42. Kg2 g4 43. Ng1 Bxg1 44. Kxg1 fxe5 45. Rf5 Kg6 46. Rxe5 Rxb3
47. Rb5 h4 48. c5 h3 0-1

[Event "Druzynowe Mistrzostwa Polski Ekstraliga"]
[Site "Gorzow Wlkp. - Wroclaw - Katowice"]
[Date "1899-12-30"]
[Round "5.20"]
[White "Navara, David"]
[Black "Krzyzanowski, Marcin"]
[Result "1-0"]
[WhiteTitle "GM"]
[BlackTitle "IM"]
[WhiteElo "2739"]
[BlackElo "2457"]

1. c4 Nf6 2. Nc3 e5 3. Nf3 Nc6 4. e3 Bb4 5. Qc2 Bxc3 6. bxc3 O-O 7. e4 d6 8. g3
Be6 9. d3 a6 10. a4 Na5 11. Ng5 Bd7 12. f4 b5 13. axb5 axb5 14. cxb5 Bxb5 15.
Rb1 Bd7 16. Bg2 Qe7 17. O-O Rab8 18. h3 Rxb1 19. Qxb1 Nc6 20. Kh2 Rb8 21. Qa2
h6 22. Nf3 Qe6 23. c4 exf4 24. gxf4 Nh5 25. d4 Qg6 26. Qf2 Rb3 27. Qh4 f5 28.
e5 dxe5 29. fxe5 Rc3 30. d5 Rc2 31. Bd2 Rxd2 32. Nxd2 Nxe5 33. c5 Kh7 34. Rg1
Qf7 35. Re1 Nd3 36. Re7 Qg6 37. Rxd7 Nxc5 38. Rd8 Nd3 39. Bf3 Nhf4 40. Qg3 Qf6
41. Rd7 Qb2 42. Bg2 Nxg2 43. Qxd3 Nh4 44. Rxc7 Qe5+ 45. Qg3 Qe2+ 46. Kh1 Ng6 47.
Qg2 Qe1+ 48. Nf1 Qe5 49. d6 Nf4 50. Qf3 Qxd6 51. Rc4 1-0

[Event "Druzynowe Mistrzostwa Polski Ekstraliga"]
[Site "Gorzow Wlkp. - Wroclaw - Katowice"]
[Date "1899-12-30"]
[Round "5.21"]
[White "Stryjecki, Marek"]
[Black "Areshchenko, Alexander"]
[Result "1/2-1/2"]
[WhiteTitle "IM"]
[BlackTitle "GM"]
[WhiteElo "2421"]
[BlackElo "2677"]

1. c4 g6 2. Nc3 c5 3. g3 Bg7 4. Bg2 Nc6 5. e3 e6 6. Nge2 Nge7 7. O-O O-O 8. d4
cxd4 9. Nxd4 d5 10. cxd5 Nxd4 11. exd4 Nxd5 12. Nxd5 exd5 13. Be3 Be6 14. Qb3
Qb6 15. Rfc1 Bxd4 16. Bxd4 Qxd4 17. Rd1 Qf6 18. Bxd5 Bxd5 19. Rxd5 Rfe8 20. Rd2
Re7 21. Rad1 Rae8 22. Kg2 Kg7 23. Qf3 Qxf3+ 24. Kxf3 Re5 25. Rd5 Kf6 26. Rxe5
Rxe5 27. Rd7 Rb5 28. b3 Ke6 29. Rc7 a5 30. g4 Rb4 31. h3 1/2-1/2

[Event "Druzynowe Mistrzostwa Polski Ekstraliga"]
[Site "Gorzow Wlkp. - Wroclaw - Katowice"]
[Date "1899-12-30"]
[Round "5.22"]
[White "Miton, Kamil"]
[Black "Polok, Kacper"]
[Result "1/2-1/2"]
[WhiteTitle "GM"]
[BlackTitle "FM"]
[WhiteElo "2618"]
[BlackElo "2280"]

1. Nf3 Nf6 2. c4 g6 3. g3 Bg7 4. Bg2 O-O 5. O-O d6 6. d4 Nc6 7. Nc3 a6 8. h3 Bd7
9. e4 e5 10. d5 Ne7 11. b4 Ne8 12. c5 f5 13. Ng5 f4 14. Re1 Qc8 15. Qb3 Bh6 16.
Ne6 Rf6 17. cxd6 cxd6 18. gxf4 Bxe6 19. fxe5 dxe5 20. dxe6 Bxc1 21. Raxc1 Qxe6
22. Nd5 Rf7 23. Bf1 Nxd5 24. exd5 Qf6 25. Qg3 Nd6 26. Rxe5 Nf5 27. Qf4 g5 28.
Qe4 Nh4 29. Kh1 Nf3 30. Re6 Qb2 31. Qe3 Nd4 32. Re5 Nf5 33. Re8+ Rxe8 34. Qxe8+
Kg7 35. Qe1 Kh6 36. Rb1 Qxa2 37. Qe6+ Kg7 38. Qe5+ Kh6 39. Qe6+ Kg7 40. Qe5+ Rf6
41. Rb2 Qa1 42. Kg1 Ng3 43. fxg3 Qxf1+ 44. Kh2 Kh6 45. Qd4 Rf3 46. Rc2 Qd3 47.
Qb6+ Qg6 48. Qxg6+ 1/2-1/2

[Event "Druzynowe Mistrzostwa Polski Ekstraliga"]
[Site "Gorzow Wlkp. - Wroclaw - Katowice"]
[Date "1899-12-30"]
[Round "5.23"]
[White "Orzechowski, Jacek"]
[Black "Socko, Bartosz"]
[Result "1/2-1/2"]
[WhiteTitle "m"]
[BlackTitle "GM"]
[WhiteElo "2087"]
[BlackElo "2583"]

1. c4 e5 2. Nc3 Nf6 3. Nf3 Nc6 4. g3 d5 5. cxd5 Nxd5 6. Bg2 Nb6 7. a3 Be7 8. b4
O-O 9. O-O Re8 10. d3 Bf8 11. Rb1 a5 12. b5 Nd4 13. Nd2 Rb8 14. e3 Ne6 15. Nf3
Nc5 16. d4 exd4 17. Nxd4 Qf6 18. Qc2 Bg4 19. Bb2 Rbd8 20. Ne4 Qg6 21. Nxc5 Qxc2
22. Nxc2 Bxc5 23. Nd4 Na4 24. Bxb7 Nxb2 25. Rxb2 Bxd4 26. exd4 Rxd4 27. Rc1 h5
28. h4 Re7 29. Rbc2 Re5 30. Rc5 Rd1+ 31. Rxd1 Rxc5 32. Rd8+ Kh7 33. Bc6 Rc3 34.
a4 Rc4 35. Kg2 Bf5 36. Ra8 Rxa4 37. Ra7 Be4+ 38. Bxe4+ Rxe4 39. Rxa5 Rc4 40. Ra7
Kg6 41. Rb7 f6 42. b6 cxb6 43. Rxb6 Rc5 44. Rb7 Kh6 45. Rb6 Rf5 46. Ra6 Kg6 47.
Ra7 Rd5 48. Rb7 Rd6 49. Ra7 Rd5 50. Rb7 Rd6 51. Ra7 1/2-1/2

[Event "Druzynowe Mistrzostwa Polski Ekstraliga"]
[Site "Gorzow Wlkp. - Wroclaw - Katowice"]
[Date "1899-12-30"]
[Round "5.24"]
[White "Socko, Monika"]
[Black "Zemlickova, Olena"]
[Result "1/2-1/2"]
[WhiteTitle "GM"]
[BlackTitle "WIM"]
[WhiteElo "2481"]
[BlackElo "2066"]

1. e4 e5 2. Nf3 Nc6 3. Bb5 a6 4. Bxc6 dxc6 5. O-O Qf6 6. d4 exd4 7. Bg5 Qd6 8.
Qxd4 f6 9. Be3 Qxd4 10. Nxd4 Bd7 11. Nc3 O-O-O 12. Rad1 Ne7 13. Nce2 c5 14. Nb3
b6 15. Nf4 Nc6 16. Nd5 Ne7 17. Bf4 Nxd5 18. Rxd5 Be7 19. Rfd1 Bc6 20. Rxd8+ Rxd8
21. Rxd8+ Kxd8 22. f3 Bd6 23. Bg3 Bxg3 24. hxg3 Ba4 25. Kf2 Ke7 26. Ke3 Kd6 27.
f4 g6 28. c3 Bd7 29. Nd2 Bc6 30. Nf3 Ke6 31. g4 Ke7 32. g3 Bd7 33. g5 f5 34. Ne5
Be6 35. a3 Kd6 36. Kd3 fxe4+ 37. Kxe4 Bf5+ 38. Ke3 Ke6 39. g4 Bc2 40. Nd3 Bb1
41. Nf2 Bc2 42. Kd2 Ba4 43. Ne4 Bc6 44. Ke3 Ba4 45. Ke2 Bb5+ 46. Kf2 Bd3 47. Kf3
Bc2 48. Nf6 h6 49. Nh7 hxg5 50. Nxg5+ Kd5 51. Ke3 Bd1 52. Nf3 Ke6 53. Ne5 g5 54.
Nf3 gxf4+ 55. Kxf4 b5 56. Nd2 Kd5 57. Nf1 Be2 58. Ne3+ Ke6 59. Ke4 c6 60. g5 Bh5
61. Kf4 Bg6 62. Ng4 Kd5 63. Ne3+ Ke6 64. Ng2 Kd5 65. b3 a5 66. Nh4 Bc2 67. g6
Ke6 68. b4 cxb4 69. cxb4 axb4 70. axb4 Bxg6 71. Nxg6 c5 72. bxc5 Kd5 1/2-1/2

[Event "Druzynowe Mistrzostwa Polski Ekstraliga"]
[Site "Gorzow Wlkp. - Wroclaw - Katowice"]
[Date "1899-12-30"]
[Round "5.25"]
[White "Tomczak, Jacek"]
[Black "Nasuta, Grzegorz"]
[Result "1-0"]
[WhiteTitle "GM"]
[BlackTitle "IM"]
[WhiteElo "2615"]
[BlackElo "2454"]

1. e4 c5 2. Nf3 d6 3. d4 cxd4 4. Nxd4 Nf6 5. Nc3 a6 6. f4 e5 7. Nf3 Nbd7 8. a4
Be7 9. Bc4 O-O 10. Qe2 exf4 11. Bxf4 Ne5 12. Nxe5 dxe5 13. Bxe5 Qa5 14. Bd4 Bg4
15. Qe3 Qb4 16. Bb3 Nxe4 17. Qxe4 Bf6 18. Bxf6 Rae8 19. Be5 Qxe4+ 20. Nxe4 Rxe5
21. O-O Rxe4 22. Bd5 Re7 23. Rae1 Be6 24. Bxe6 fxe6 25. Rxf8+ Kxf8 26. Re4 Rc7
27. c3 Ke7 28. Rb4 Kd6 29. Rb6+ Kd5 30. Kf2 Rf7+ 31. Ke3 Ke5 32. Rb4 h6 33. Rd4
Rc7 34. c4 Rf7 35. b4 Rc7 36. a5 Rf7 37. Re4+ Kd6 38. Rd4+ Kc6 39. Rf4 Rd7 40.
Rg4 Rf7 41. Rg6 Kd6 42. Ke4 Re7 43. h4 Rf7 44. c5+ Ke7 45. h5 Kd7 46. g4 Kc6 47.
Rxe6+ Kb5 48. Rb6+ Kc4 49. Ke5 Rd7 50. Ke6 Rc7 51. Kf5 1-0

[Event "Druzynowe Mistrzostwa Polski Ekstraliga"]
[Site "Gorzow Wlkp. - Wroclaw - Katowice"]
[Date "1899-12-30"]
[Round "5.26"]
[White "Ponizil, Cyril"]
[Black "Czarnota, Pawel"]
[Result "0-1"]
[WhiteTitle "IM"]
[BlackTitle "GM"]
[WhiteElo "2478"]
[BlackElo "2561"]

1. e4 c5 2. Nf3 d6 3. d4 cxd4 4. Nxd4 Nf6 5. Nc3 Nc6 6. Bc4 e6 7. Be3 Be7 8. Qe2
a6 9. O-O-O Nxd4 10. Bxd4 b5 11. Bb3 Bb7 12. a3 O-O 13. f4 Qb8 14. f5 e5 15. Bf2
a5 16. Nd5 Nxd5 17. Bxd5 Bxd5 18. Rxd5 b4 19. a4 Rc8 20. Rb5 Qc7 21. Kb1 Ra6 22.
Rb8 Rxb8 23. Qxa6 Rc8 24. Qd3 Qd7 25. b3 Rc3 26. Qa6 g6 27. g4 Qc7 28. Qe2 Bg5
29. h4 Bf4 30. Rd1 Qc6 31. Rd3 Rxd3 32. Qxd3 h5 33. fxg6 hxg4 34. Qb5 Qc8 35.
Qxa5 fxg6 36. Qd5+ Kg7 37. Qxd6 g3 38. Bb6 g2 39. Qxb4 Qb7 40. Qd6 Qxe4 41. Qc5
Qe2 42. a5 Kh6 43. Kb2 Kh5 44. b4 Qd1 45. a6 Qd4+ 46. c3 Qd2+ 47. Ka3 Qc2 48.
b5 g1=Q 49. Qxg1 Qxc3+ 50. Ka2 Qc2+ 51. Ka3 Bc1+ 52. Kb4 Bd2+ 53. Ka3 Qc3+ 54.
Ka2 Qc4+ 0-1

[Event "Druzynowe Mistrzostwa Polski Ekstraliga"]
[Site "Gorzow Wlkp. - Wroclaw - Katowice"]
[Date "1899-12-30"]
[Round "5.27"]
[White "Olszewski, Michal"]
[Black "Piesik, Piotr"]
[Result "1-0"]
[WhiteTitle "GM"]
[BlackTitle "FM"]
[WhiteElo "2551"]
[BlackElo "2337"]

1. e4 g6 2. d4 Bg7 3. Nc3 c6 4. Nf3 d6 5. Be3 Nf6 6. h3 O-O 7. Bd3 Nbd7 8. Qd2
e5 9. O-O Re8 10. dxe5 dxe5 11. a4 Qe7 12. Ne2 Nc5 13. Ng3 Nxd3 14. cxd3 c5 15.
Qc3 b6 16. a5 Bb7 17. Rfb1 Nd5 18. Qb3 Nxe3 19. fxe3 Qc7 20. Qc4 Bh6 21. Kf2 Qd6
22. Ra3 Bc6 23. axb6 axb6 24. Rba1 b5 25. Qb3 Ra4 26. Rxa4 bxa4 27. Qc3 Rb8 28.
Ra3 Rb4 29. b3 axb3 30. Rxb3 Bb5 31. Ra3 f6 32. Nf1 Bf8 33. N1d2 Qb6 34. Ne1 c4
35. Nc2 Rb3 36. Nxb3 cxb3 37. Rxb3 Qa6 38. Na3 Ba4 39. Rb8 Qa7 40. Qc8 Be8 41.
Ra8 1-0

[Event "Druzynowe Mistrzostwa Polski Ekstraliga"]
[Site "Gorzow Wlkp. - Wroclaw - Katowice"]
[Date "1899-12-30"]
[Round "5.28"]
[White "Paszewski, Mateusz"]
[Black "Warakomski, Tomasz"]
[Result "1/2-1/2"]
[WhiteTitle "FM"]
[BlackTitle "GM"]
[WhiteElo "2327"]
[BlackElo "2511"]

1. e4 c5 2. Nf3 a6 3. c3 d5 4. exd5 Qxd5 5. d4 Nc6 6. Be3 cxd4 7. cxd4 e6 8. Nc3
Qd6 9. Bd3 Nf6 10. O-O Be7 11. Rc1 O-O 12. a3 Rd8 13. Ne4 Nxe4 14. Bxe4 Bd7 15.
Qb3 Na5 16. Qc3 Bc6 17. Bxh7+ Kxh7 18. Qxa5 Bxf3 19. gxf3 Rac8 20. Qh5+ Kg8 21.
Qe5 Qd7 22. Rxc8 Rxc8 23. Rc1 Rxc1+ 24. Bxc1 Qc6 25. Qb8+ Kh7 26. Qf4 f5 27. Be3
Bf6 28. Kg2 g5 29. Qb8 f4 30. Bd2 Bxd4 31. Bc3 Bxc3 32. bxc3 b5 33. Qe5 Kg6 34.
Qh8 Qc5 35. Qe8+ Kf6 36. a4 bxa4 37. Qxa4 a5 38. Qe8 Qc7 39. Qh8+ Kf5 40. Qf8+
Ke5 41. Qg8 Kf5 42. Qf8+ Ke5 43. Qg8 Qe7 44. Qb8+ Kf6 45. Qb6 Qa3 46. c4 Qd3 47.
Qxa5 1/2-1/2

[Event "Druzynowe Mistrzostwa Polski Ekstraliga"]
[Site "Gorzow Wlkp. - Wroclaw - Katowice"]
[Date "1899-12-30"]
[Round "5.29"]
[White "Szelag, Marcin"]
[Black "Flis, Jacek"]
[Result "0-1"]
[WhiteTitle "IM"]
[BlackTitle "FM"]
[WhiteElo "2466"]
[BlackElo "2269"]

1. e4 c5 2. Nf3 e6 3. d4 cxd4 4. Nxd4 Nc6 5. Nc3 Qc7 6. Be2 a6 7. O-O Nf6 8. Be3
Bb4 9. Na4 O-O 10. c4 Bd6 11. g3 Nxe4 12. c5 Be7 13. Bf3 f5 14. Nb6 Ra7 15. Nxc6
bxc6 16. Bxe4 fxe4 17. Qc2 Qe5 18. Rad1 a5 19. Rfe1 Qf5 20. Bd4 Ba6 21. Rxe4 Rf7
22. Rde1 h5 23. h4 Qh3 24. Qc3 Bf8 25. Re5 Rf5 26. Rxf5 Qxf5 27. Re5 Qg4 28. Rg5
Qe2 29. Kh2 Bd3 30. Nc8 Ra8 31. Nd6 g6 32. Re5 Qc2 33. Qe1 Bg7 34. Qe3 Rf8 35.
Kg2 Qd1 36. Kh2 Bf1 37. Ne4 Qg4 38. Rg5 Qh3+ 0-1

[Event "Druzynowe Mistrzostwa Polski Ekstraliga"]
[Site "Gorzow Wlkp. - Wroclaw - Katowice"]
[Date "1899-12-30"]
[Round "5.30"]
[White "Lach, Aleksandra"]
[Black "Warakomska, Anna"]
[Result "1-0"]
[WhiteTitle "WIM"]
[BlackTitle "WIM"]
[WhiteElo "2224"]
[BlackElo "2273"]

1. d4 Nf6 2. Nc3 d5 3. Bf4 a6 4. e3 c5 5. dxc5 Nc6 6. Nf3 e6 7. Na4 Bxc5 8. Nxc5
Qa5+ 9. c3 Qxc5 10. Ne5 Qe7 11. Qa4 Bd7 12. Qb3 b5 13. Be2 Ne4 14. Nxc6 Bxc6 15.
Qb4 f6 16. Qxe7+ Kxe7 17. Bc7 a5 18. f3 Nd6 19. Bxd6+ Kxd6 20. Kf2 b4 21. c4 dxc4
22. Bxc4 Ke7 23. e4 Rhd8 24. Ke3 e5 25. Rhc1 Rd6 26. Be2 Kd7 27. Rc5 Kc7 28. a3
bxa3 29. Rxa3 Kb6 30. Rc2 Rad8 31. Rb3+ Ka7 32. Rc5 Bb7 33. Rxa5+ Kb8 34. Bc4
Kc7 35. Rc5+ Rc6 36. Rxc6+ Bxc6 37. Rc3 Kb6 38. Rc1 Rd4 39. h4 h6 40. g4 Bb7 41.
b3 Bc6 42. Ra1 Bb7 43. Bd3 Rd6 44. Ra2 Bc8 45. Ra8 Kb7 46. Ra5 Kb6 47. b4 Bb7
48. g5 hxg5 49. hxg5 Rd4 50. gxf6 gxf6 51. Rb5+ Kc6 52. Be2 Kc7 53. Rc5+ Kb6 54.
Rc4 Rd8 55. Rc3 Rd4 56. Rd3 Rxd3+ 57. Bxd3 Kc7 58. Kf2 Kd6 59. Kg3 Ke7 60. Bc4
Kd6 61. Be2 Ke7 62. Kh4 Bc8 63. Bd3 Bb7 64. Kg4 Bc8+ 65. Kh5 Kf7 66. b5 Ke7 67.
Kg6 Bh3 68. b6 Kd6 69. Kxf6 Bg2 70. Be2 Bh3 71. b7 Kc7 72. Kxe5 Kxb7 73. Kd6 Kc8
74. Ke7 1-0

[Event "Druzynowe Mistrzostwa Polski Ekstraliga"]
[Site "Gorzow Wlkp. - Wroclaw - Katowice"]
[Date "1899-12-30"]
[Round "6.1"]
[White "Mista, Aleksander"]
[Black "Nasuta, Grzegorz"]
[Result "1-0"]
[WhiteTitle "GM"]
[BlackTitle "IM"]
[WhiteElo "2606"]
[BlackElo "2454"]

1. e4 c5 2. Nf3 d6 3. d4 cxd4 4. Nxd4 Nf6 5. Nc3 a6 6. Be3 e6 7. g4 e5 8. Nf5 g6
9. g5 gxf5 10. exf5 d5 11. gxf6 d4 12. Bc4 Qxf6 13. Nd5 Qc6 14. Bxd4 Bb4+ 15.
c3 Qxc4 16. Qf3 Nc6 17. Bb6 Bxf5 18. cxb4 Nxb4 19. Nc7+ Ke7 20. Nxa8 Be4 21. Bc5+
Ke8 22. Qc3 Nd3+ 23. Kd2 Qxc3+ 24. Kxc3 Nxc5 25. Rhe1 Kd7 26. Nb6+ Kc6 27. b4
Ne6 28. Nc4 Bd5 29. Nxe5+ Kb6 30. Rad1 Nc7 31. Nc4+ Ka7 32. Nd6 Bxa2 33. Kb2 Be6
34. f4 Bg4 35. Rd2 Nb5 36. Nxb5+ axb5 37. Re5 Be6 38. Rxb5 Rg8 39. f5 Bc4 40.
Rc5 Rg4 41. Kc3 Bf1 42. Rd7 Rh4 43. Rxf7 Rxh2 44. Rcc7 Rh3+ 45. Kd4 Rh4+ 46. Kc3
Rh3+ 47. Kd2 Ba6 48. Rxh7 Rd3+ 49. Kc1 Rf3 50. Rc5 Bd3 51. Rf7 Rf4 52. Kd2 Bc4
53. Ke3 Rh4 54. Re7 1-0

[Event "Druzynowe Mistrzostwa Polski Ekstraliga"]
[Site "Gorzow Wlkp. - Wroclaw - Katowice"]
[Date "1899-12-30"]
[Round "6.2"]
[White "Ponizil, Cyril"]
[Black "Kempinski, Robert"]
[Result "1-0"]
[WhiteTitle "IM"]
[BlackTitle "GM"]
[WhiteElo "2478"]
[BlackElo "2586"]

1. e4 d6 2. d4 Nf6 3. Nc3 g6 4. f4 Bg7 5. Nf3 O-O 6. Bd3 Na6 7. O-O c5 8. d5 Bg4
9. Bc4 Nd7 10. h3 Bxf3 11. Qxf3 Rb8 12. Qd3 Qa5 13. a3 Nb6 14. Ba2 c4 15. Qf3
Na4 16. Nxa4 Qxa4 17. Qe2 b5 18. c3 Nc5 19. Bb1 b4 20. cxb4 Nb3 21. Ra2 a5 22.
Be3 Rfc8 23. bxa5 Qxa5 24. f5 Qb5 25. h4 gxf5 26. Qf2 c3 27. e5 e6 28. dxe6 fxe6
29. exd6 cxb2 30. Rxb2 Bxb2 31. Qxb2 Qd7 32. Qf6 Rf8 33. Qg5+ Qg7 34. Ba2 Qxg5
35. Bxg5 Kf7 36. g4 h6 37. Bxh6 Rfd8 38. Bg5 Nd4 39. Bxd8 Rxd8 40. gxf5 Rxd6 41.
fxe6+ 1-0

[Event "Druzynowe Mistrzostwa Polski Ekstraliga"]
[Site "Gorzow Wlkp. - Wroclaw - Katowice"]
[Date "1899-12-30"]
[Round "6.3"]
[White "Simacek, Pavel"]
[Black "Piesik, Piotr"]
[Result "0-1"]
[WhiteTitle "IM"]
[BlackTitle "FM"]
[WhiteElo "2485"]
[BlackElo "2337"]

1. e4 g6 2. d4 Bg7 3. Nc3 c6 4. Bc4 b5 5. Bb3 b4 6. Nce2 d5 7. Nf3 dxe4 8. Ng5
Nh6 9. a3 Na6 10. O-O O-O 11. Nxe4 Nf5 12. axb4 Nxb4 13. Bd2 Qb6 14. Ra4 Nd5 15.
Ba5 Qb7 16. Nc5 Qb8 17. Re1 Nb6 18. Rb4 e5 19. c3 exd4 20. cxd4 Qd6 21. Ne4 Qe7
22. N2c3 Be6 23. Bxe6 fxe6 24. Re2 Rad8 25. Rd2 Rd7 26. Nc5 Rxd4 27. Rdxd4 Nxd4
28. N3e4 Nb5 29. g3 Nd5 30. Rb3 Qf7 31. Be1 Qf5 32. Kg2 Nd4 33. Rd3 e5 34. Bc3
g5 35. h3 Qg6 36. Qg4 Rf5 37. Bxd4 h5 38. Qe2 exd4 39. Rb3 h4 40. Rf3 hxg3 41.
fxg3 Ne3+ 42. Kh2 g4 43. Rxf5 Qxf5 44. hxg4 Nxg4+ 45. Kg1 Ne3 46. b4 Bf8 47. Qf2
Qxf2+ 48. Kxf2 Nc2 49. Kf3 Nxb4 50. Kf4 Kf7 51. Nb3 Bg7 52. Nd6+ Ke6 53. Nf5 Nd5+
54. Ke4 Nc3+ 55. Kf4 Be5+ 56. Kg4 Nb5 57. Kg5 Kd5 58. Ne7+ Kd6 59. Nf5+ Kd5 60.
Ne7+ Kc4 61. Na5+ Kc5 62. Nexc6 Bxg3 63. Nxa7 Nxa7 64. Nb3+ Kc4 65. Nxd4 Kxd4
66. Kg4 Be5 67. Kf3 Nb5 68. Ke2 Nc3+ 69. Kf3 Kd3 70. Kf2 Ke4 71. Kg2 Kf4 72. Kf2
Bd4+ 73. Kg2 Be3 74. Kh1 Kf3 75. Kh2 Ne4 76. Kh1 Ng3+ 77. Kh2 Bd4 78. Kh3 Bg1
79. Kh4 Ne4 80. Kh5 Kf4 81. Kg6 Ng5 82. Kf6 Bc5 83. Kg6 Bd4 84. Kh5 Kf5 85. Kh6
Ne6 86. Kh5 Bf2 87. Kh6 Bg3 0-1

[Event "Druzynowe Mistrzostwa Polski Ekstraliga"]
[Site "Gorzow Wlkp. - Wroclaw - Katowice"]
[Date "1899-12-30"]
[Round "6.4"]
[White "Paszewski, Mateusz"]
[Black "Sieciechowicz, Marcin"]
[Result "1/2-1/2"]
[WhiteTitle "FM"]
[BlackTitle "IM"]
[WhiteElo "2327"]
[BlackElo "2409"]

1. e4 e6 2. d4 d5 3. Nd2 c5 4. Ngf3 cxd4 5. Nxd4 Nc6 6. Bb5 Bd7 7. Nxc6 Bxc6 8.
Bxc6+ bxc6 9. c4 dxe4 10. Nxe4 Bb4+ 11. Bd2 Bxd2+ 12. Qxd2 Qxd2+ 13. Kxd2 Ke7
14. Rad1 Nf6 15. Nxf6 Kxf6 16. Kc3 Rhd8 17. b4 e5 18. a4 a6 19. Rxd8 Rxd8 20.
b5 cxb5 21. axb5 axb5 22. cxb5 Rc8+ 23. Kd3 Ke6 24. b6 Rb8 25. Rb1 Kd5 26. b7
f6 27. g4 g6 28. Rb5+ Kc6 29. Kc4 f5 30. gxf5 gxf5 31. Rxe5 Rxb7 32. Rxf5 Kd6
33. Rh5 Rf7 34. Kd4 Rxf2 35. Rxh7 Ke6 36. Ke4 Kf6 37. Rh3 1/2-1/2

[Event "Druzynowe Mistrzostwa Polski Ekstraliga"]
[Site "Gorzow Wlkp. - Wroclaw - Katowice"]
[Date "1899-12-30"]
[Round "6.5"]
[White "Zawadzki, Stanislaw"]
[Black "Tomaszewski, Roman"]
[Result "1-0"]
[WhiteTitle "IM"]
[BlackTitle "IM"]
[WhiteElo "2432"]
[BlackElo "2297"]

1. d4 Nf6 2. g3 d5 3. Bg2 g6 4. Nf3 Bg7 5. O-O O-O 6. c4 c6 7. b3 a5 8. Bb2 a4
9. Ne5 Ng4 10. cxd5 cxd5 11. bxa4 Nxe5 12. dxe5 Nc6 13. Bxd5 Nxe5 14. Qb3 Qa5
15. Nc3 Nd7 16. Rfc1 Nc5 17. Qc4 Be6 18. Rab1 Bf5 19. e4 Bd7 20. Ba3 Rac8 21.
Bb4 Qa7 22. Nb5 Qb8 23. Bxc5 b6 24. Qd3 bxc5 25. Bxf7+ Rxf7 26. Qxd7 Rcf8 27.
Qd5 Kh8 28. Qxc5 Qa8 29. Rc4 Qd8 30. Rf1 Qd2 31. Rc2 Qd3 32. Qc4 Qd8 33. Nc7 Qd6
34. Ne6 Ra8 35. Ng5 Rff8 36. Nf7+ Rxf7 37. Qxf7 Bd4 38. Qd5 Qxd5 39. exd5 Rxa4
40. Re1 Ra7 41. Re4 Bf6 42. a4 Kg7 43. Rc5 Rb7 44. Kg2 Rb2 45. Rc7 Rd2 46. Rexe7+
1-0

[Event "Druzynowe Mistrzostwa Polski Ekstraliga"]
[Site "Gorzow Wlkp. - Wroclaw - Katowice"]
[Date "1899-12-30"]
[Round "6.6"]
[White "Lach, Aleksandra"]
[Black "Sliwicka, Alicja"]
[Result "0-1"]
[WhiteTitle "WIM"]
[BlackTitle "WFM"]
[WhiteElo "2224"]
[BlackElo "2178"]

1. Nf3 Nf6 2. g3 g6 3. b3 Bg7 4. Bb2 d5 5. Bg2 O-O 6. O-O c5 7. c4 d4 8. b4 Nfd7
9. d3 e5 10. bxc5 Nxc5 11. Ba3 Qc7 12. Nfd2 Nbd7 13. Nb3 Rb8 14. N1d2 b6 15. Rb1
Bb7 16. Bxb7 Rxb7 17. Nxc5 Nxc5 18. Bxc5 Qxc5 19. Qa4 f5 20. Rb5 Qe7 21. Qb3 Rf7
22. a4 e4 23. e3 exd3 24. Qxd3 dxe3 25. fxe3 Bh6 26. Rf3 Rd7 27. Rd5 Rxd5 28.
cxd5 Qc5 29. d6 Rd7 30. Qc4+ Qxc4 31. Nxc4 a6 32. Nxb6 Rxd6 33. a5 Rd1+ 34. Kg2
Ra1 35. Nd7 Rxa5 36. g4 Bg7 37. gxf5 gxf5 38. Rf2 Kf7 39. Nb8 Ke6 40. Rc2 Kd5
41. Kf3 Ra3 42. Nc6 Bc3 43. Ne7+ Ke6 44. Nc6 a5 45. Kf4 Bg7 46. Nd8+ Kd5 47. Nf7
a4 48. Rd2+ Kc5 49. Rg2 Bc3 50. Kxf5 Rb3 51. Ng5 Bb2 52. Ne6+ Kb6 53. Rg8 Rb5+
54. Ke4 a3 55. Rb8+ Ka5 56. Ra8+ Kb4 57. Nd4 Bxd4 58. Kxd4 Kb3 59. e4 a2 60. Rxa2
Kxa2 61. e5 Rb2 62. h3 Rb6 63. Kd5 Rh6 0-1

[Event "Druzynowe Mistrzostwa Polski Ekstraliga"]
[Site "Gorzow Wlkp. - Wroclaw - Katowice"]
[Date "1899-12-30"]
[Round "6.7"]
[White "Wojtaszek, Radoslaw"]
[Black "Tomczak, Jacek"]
[Result "1-0"]
[WhiteTitle "GM"]
[BlackTitle "GM"]
[WhiteElo "2734"]
[BlackElo "2615"]

1. d4 Nf6 2. c4 g6 3. Nf3 Bg7 4. g3 d5 5. Bg2 O-O 6. O-O dxc4 7. Na3 c5 8. Nxc4
Na6 9. b3 Bf5 10. Bb2 Be4 11. Ncd2 Bc6 12. Qb1 cxd4 13. Bxd4 Nc7 14. Qb2 Ne6 15.
Be5 Qb6 16. Rac1 Rfd8 17. Bh3 Bb5 18. Nc4 Qa6 19. Nd4 Nxd4 20. Bxd4 Ne8 21. Bxg7
Nxg7 22. a4 Bd7 23. Bxd7 Rxd7 24. Rfd1 Rxd1+ 25. Rxd1 Qe6 26. Rd3 Ne8 27. Re3
Qd7 28. Qe5 e6 29. Rd3 Qe7 30. Qd4 Qb4 31. Qf4 Qe7 32. Qd4 Qb4 33. Kg2 b5 34.
axb5 Qxb5 35. Ne5 f6 36. Qe4 Nc7 37. Nxg6 f5 38. Ne7+ Kf7 39. Qh4 h6 40. Qxh6
Qb7+ 41. f3 1-0

[Event "Druzynowe Mistrzostwa Polski Ekstraliga"]
[Site "Gorzow Wlkp. - Wroclaw - Katowice"]
[Date "1899-12-30"]
[Round "6.8"]
[White "Czarnota, Pawel"]
[Black "Navara, David"]
[Result "0-1"]
[WhiteTitle "GM"]
[BlackTitle "GM"]
[WhiteElo "2561"]
[BlackElo "2739"]

1. e4 e6 2. d4 d5 3. Nd2 c5 4. exd5 exd5 5. Ngf3 Nc6 6. Bb5 Qe7+ 7. Be2 Qc7 8.
O-O Nf6 9. Re1 Be6 10. dxc5 Bxc5 11. Nb3 Bb6 12. Nfd4 O-O 13. Be3 Rae8 14. a4
a6 15. Bf3 Bd7 16. Nxc6 Bxe3 17. Rxe3 Rxe3 18. fxe3 Qxc6 19. Nd4 Qb6 20. b3 Re8
21. Kf2 Qd6 22. h3 h5 23. Bxh5 Qe5 24. Bf3 Qxe3+ 25. Kf1 Ne4 26. Bxe4 dxe4 27.
Ne2 Bxh3 28. gxh3 Qxh3+ 29. Kg1 Qg4+ 30. Kf1 Qf3+ 31. Kg1 Re6 0-1